000 00509nam a22001937a 4500
003 OSt
005 20140310182816.0
008 130301t xxu||||| |||| 00| 0 eng d
020 _a9780723434740
050 _aRT 41
_b.Es74n 2008
100 _aNicol, Maggie
245 _aEssential nursing skills /
_c Maggie Nicol ... [et al.]
260 _aEdinburgh ; New York
_bMosby/Elsevier
_c2008
300 _a361 p.
_bill
_c24 cm.
521 _aNUR
562 _e1
942 _2lcc
_cBK
_kFOR
999 _c16292
_d16292